00234nam a2200085 a 450000500170000000800410001705000170005824500350007526000380011020140414093838.0110322s19uu xx uuu eng d aCTbHIM 1995 aMga himig ng bayang Pilipinas. aPhilippines :bD'concorde,c1995.